=LDR 00000nam 2200000 4500 =001 INLIS000000000063435 =005 20240402124228 =035 ##$$a 0010-0424000010 =007 ta =008 240402################g##########0#ind## =020 ##$$a 978-979-011-678-8 =082 ##$$a 418.02 =084 ##$$a 418.02 Kar a =245 1#$$a Materi pokok analisis teks dalam penerjemahan /$c Karnaedi; Penelaah Materi, Suhendra Yusuf =250 ##$$a Cet.8 ; Ed. I =300 ##$$a 390 halaman ; $c 21 cm =650 #4$$a Penerjemahan =700 #$$a Suhendra Yusuf ( Penelaah Materi) =264 ##$$a Tangerang :$b UniversitasTerbuka,$c 2019 =336 ##$$a Teks$2 rdacontent =337 ##$$a Tanpa perantara$2 rdamedia =338 ##$$a Volume$2 rdacarrier =990 ##$$a 08500850